<?xml version="1.0" encoding="UTF-8"?><?xml-stylesheet type="text/xsl" href="static/style.xsl"?><OAI-PMH xmlns="http://www.openarchives.org/OAI/2.0/" xmlns:xsi="http://www.w3.org/2001/XMLSchema-instance" xsi:schemaLocation="http://www.openarchives.org/OAI/2.0/ http://www.openarchives.org/OAI/2.0/OAI-PMH.xsd"><responseDate>2026-04-17T16:58:51Z</responseDate><request verb="GetRecord" identifier="oai:www.recercat.cat:2445/160979" metadataPrefix="marc">https://recercat.cat/oai/request</request><GetRecord><record><header><identifier>oai:recercat.cat:2445/160979</identifier><datestamp>2025-12-05T09:46:34Z</datestamp><setSpec>com_2072_1057</setSpec><setSpec>col_2072_478778</setSpec><setSpec>col_2072_478917</setSpec></header><metadata><record xmlns="http://www.loc.gov/MARC21/slim" xmlns:dcterms="http://purl.org/dc/terms/" xmlns:xsi="http://www.w3.org/2001/XMLSchema-instance" xmlns:doc="http://www.lyncode.com/xoai" xsi:schemaLocation="http://www.loc.gov/MARC21/slim http://www.loc.gov/standards/marcxml/schema/MARC21slim.xsd">
   <leader>00925njm 22002777a 4500</leader>
   <datafield ind2=" " ind1=" " tag="042">
      <subfield code="a">dc</subfield>
   </datafield>
   <datafield ind2=" " ind1=" " tag="720">
      <subfield code="a">Fernández Domínguez, Eva</subfield>
      <subfield code="e">author</subfield>
   </datafield>
   <datafield ind2=" " ind1=" " tag="720">
      <subfield code="a">Arroyo-Pardo, Eduardo</subfield>
      <subfield code="e">author</subfield>
   </datafield>
   <datafield ind2=" " ind1=" " tag="720">
      <subfield code="a">Turbón, Daniel</subfield>
      <subfield code="e">author</subfield>
   </datafield>
   <datafield ind2=" " ind1=" " tag="260">
      <subfield code="c">2020-05-18T14:21:31Z</subfield>
   </datafield>
   <datafield ind2=" " ind1=" " tag="260">
      <subfield code="c">2020-05-18T14:21:31Z</subfield>
   </datafield>
   <datafield ind2=" " ind1=" " tag="260">
      <subfield code="c">2005</subfield>
   </datafield>
   <datafield ind2=" " ind1=" " tag="260">
      <subfield code="c">2020-05-18T14:21:31Z</subfield>
   </datafield>
   <datafield ind2=" " ind1=" " tag="520">
      <subfield code="a">[spa] La posibilidad de recuperar información genética a partir de restos fósiles ofrece una oportunidad única para dar respuesta a algunas cuestiones planteadas desde otras disciplinas. Entre las aplicaciones de interés de la tecnología del ADN antiguo en el campo de la arqueología y la antropología destacan el diagnóstico molecular del sexo, el establecimiento de relaciones familiares entre individuos exhumados, la identificación personal y la caracterización genética de las poblaciones del pasado. El éxito en la consecución de estos estudios está condicionado principalmente por el estado de preservación del ADN en los restos analizados. Otras limitaciones de la técnica son la extracción, junto con el material genético, de moléculas que pueden inhibir los procesos experimentales necesarios para obtener la información genética y la contaminación de las muestras con ADN procedente de otras fuentes. Con todo, estas últimas citadas dificultades pueden controlarse mediante la aplicación de ciertas sencillas precauciones.</subfield>
   </datafield>
   <datafield ind2=" " ind1=" " tag="520">
      <subfield code="a">[eng] The possibility of recovering genetic information from fossil remains, offers a unique opportunity to solve certain common questions in archaeology. Between all possible applications of ancient DNA technology in archaeology and anthropology, it should be emphasized the sex diagnosis, the establishment of kinship among exhumed individuals, personal identification, and genetic characterisation of past populations. The preservation of DNA in the analyzed remains will condition the success in the performed analysis. Other technical limitations are the co-extraction, with genetic material, of compounds capable of inhibiting the experimental processes needed to obtain genetic information, and also contamination of samples with exogenous DNA. These difficulties, however, can be usually solved by means of the application of several simple precautions.</subfield>
   </datafield>
   <datafield tag="653" ind2=" " ind1=" ">
      <subfield code="a">Restes humanes (Arqueologia)</subfield>
   </datafield>
   <datafield tag="653" ind2=" " ind1=" ">
      <subfield code="a">ADN fòssil</subfield>
   </datafield>
   <datafield tag="653" ind2=" " ind1=" ">
      <subfield code="a">ADN</subfield>
   </datafield>
   <datafield tag="653" ind2=" " ind1=" ">
      <subfield code="a">Human remains (Archaeology)</subfield>
   </datafield>
   <datafield tag="653" ind2=" " ind1=" ">
      <subfield code="a">Fossil DNA</subfield>
   </datafield>
   <datafield tag="653" ind2=" " ind1=" ">
      <subfield code="a">DNA</subfield>
   </datafield>
   <datafield ind2="0" ind1="0" tag="245">
      <subfield code="a">Aplicacions de l'ADN antic en arqueologia. La nova 'Arqueologia Molecular'</subfield>
   </datafield>
</record></metadata></record></GetRecord></OAI-PMH>